| 000 | 00382nam a2200157Ia 4500 | ||
|---|---|---|---|
| 008 | 230917s9999||||xx |||||||||||||| ||und|| | ||
| 020 | _cPOU15 | ||
| 040 |
_e3634 _aMAIN |
||
| 041 | _aEnglish | ||
| 082 | _a320.94 A23F | ||
| 100 | _aAnderson, Malcolm, ed. | ||
| 245 | 0 | _aFrontier regions in Western Europe | |
| 260 |
_aLondon _bFrank Cass _c1983 |
||
| 300 | _a136 p. | ||
| 942 | _cBK | ||
| 999 |
_c38676 _d38676 |
||